Miradas locales, acciones internacionales : caminos de la internacionalización territorial /

Detalles Bibliográficos
Otros Autores: Ávila, Viviana (Editor)
Formato: Electrónico eBook
Lenguaje:español
inglés
Publicado: Bogotá : Editorial UTADEO, [2024]
Edición:Primera edición.
Materias:
Acceso en línea:Digitalia Hispánica

MARC

LEADER 00000nam a2200000Ii 4500
001 DIGEJTLOZ208
003 NyNyDIG
006 m o d
007 cr |||||||||||
008 241203s2024 ck a ob 000 0 spa d
035 |a (OCoLC)1472981532 
040 |a DGITA  |b eng  |e rda  |e pn  |c DGITA 
020 |a 9789587253658  |q digital 
024 7 |a https://doi.org/10.21789/9789587253658  |2 doi 
041 0 |a spa  |a eng 
050 1 4 |a HD75.6 ebook 
245 0 0 |a Miradas locales, acciones internacionales :  |b caminos de la internacionalización territorial /  |c Viviana Ávila [and 3 others] coordinadores. 
250 |a Primera edición. 
264 1 |a Bogotá :  |b Editorial UTADEO,  |c [2024] 
300 |a 1 online resource :  |b illustrations. 
336 |a text  |b txt  |2 rdacontent 
337 |a computer  |b c  |2 rdamedia 
338 |a online resource  |b cr  |2 rdacarrier 
347 |a text file  |2 rdaft 
347 |b PDF 
504 |a Includes bibliographical references. 
546 |a Text chiefly in Spanish with one articlee in English. 
588 0 |a Online resource; title from PDF title page (Digitalia, viewed December 3, 2024) 
650 0 |a Sustainable development. 
650 0 |a International relations. 
650 0 |a Political science. 
650 0 |a Sustainability. 
700 1 |a Ávila, Viviana,  |e editor. 
791 2 |a Digitalia (Firm),  |e distributor. 
793 0 |g Digitalia eBook Collection:  |a Editorial Jorge Tadeo Lozano 
856 4 0 |3 Digitalia Hispánica  |u https://www.digitaliapublishing.com/a/163199/ 
910 |a Premium collection: 2024